[Event "Sitges Sunway op 9th"]
[Site "Sitges"]
[Date "2022.12.20"]
[Round "8"]
[White "Stanetzek, Carsten"]
[Black "Comellas Blanchart, Jordi"]
[Result "1/2-1/2"]
[WhiteElo "2172"]
[BlackElo "2034"]
[PlyCount "84"]
[EventDate "2022.12.12"]
[EventType "swiss"]
[EventRounds "10"]
[EventCountry "ESP"]
[SourceTitle "CBM 211 Extra"]
[Source "ChessBase"]
[SourceDate "2023.01.31"]
[SourceVersion "1"]
[SourceVersionDate "2023.01.31"]
[SourceQuality "1"]

1. e4 c5 2. Nf3 d6 3. Bb5+ Bd7 4. Bxd7+ Nxd7 5. 0-0 Ngf6 6. Qe2 e6 7. c4 Be7 8. b3 0-0 9. d4 cxd4 10. Nxd4 Qb6 11. Be3 Qa5 12. Nd2 Nc5 13. f3 a6 14. Kh1 Rfe8 15. g4 Bf8 16. Rfd1 g6 17. Nf1 Bg7 18. Rab1 Qc7 19. Rbc1 Rac8 20. Qf2 Qe7 21. Qh4 Qf8 22. Rc2 Nfd7 23. Rcd2 Ne5 24. Ng3 Nc6 25. f4 Nxd4 26. Bxd4 Bxd4 27. Rxd4 e5 28. fxe5 Rxe5 29. Rxd6 Nxe4 30. Nxe4 Rxe4 31. Rd8 Rxd8 32. Qxd8 Re1+ 33. Kg2 Rxd1 34. Qxd1 Qe7 35. Qf3 a5 36. h3 b6 37. Kf2 Qe5 38. a4 Kg7 39. Kg2 Qb2+ 40. Kg3 Qe5+ 41. Kg2 Qb2+ 42. Kg3 Qe5+ 1/2-1/2

[Event "Sitges Sunway op 9th"]
[Site "Sitges"]
[Date "2022.12.17"]
[Round "6"]
[White "Stanetzek, Carsten"]
[Black "Maloberti, David"]
[Result "1-0"]
[WhiteElo "2172"]
[BlackElo "2050"]
[PlyCount "81"]
[EventDate "2022.12.12"]
[EventType "swiss"]
[EventRounds "10"]
[EventCountry "ESP"]
[SourceTitle "CBM 211 Extra"]
[Source "ChessBase"]
[SourceDate "2023.01.31"]
[SourceVersion "1"]
[SourceVersionDate "2023.01.31"]
[SourceQuality "1"]

1. e4 e6 2. d4 d5 3. exd5 exd5 4. Nf3 Bd6 5. c4 Nf6 6. c5 Be7 7. Bd3 0-0 8. 0-0 b6 9. Be3 Bg4 10. Nbd2 bxc5 11. dxc5 Nbd7 12. Qc2 c6 13. b4 Qc7 14. Rfe1 Rfe8 15. Rab1 g6 16. h3 Be6 17. Nb3 Nh5 18. Nbd4 Bf6 19. b5 cxb5 20. Nxb5 Qa5 21. Bd2 Qd8 22. g4 Ng7 23. Nd6 Rf8 24. Bf4 h5 25. Nh2 Bd4 26. c6 Ne5 27. Rxe5 Qf6 28. Qd2 Bxe5 29. Bg5 Bxh2+ 30. Kxh2 Qe5+ 31. Bf4 Qd4 32. Rb4 Qc5 33. Bb5 hxg4 34. hxg4 Bxg4 35. Be5 f5 36. Rd4 Rae8 37. Nxe8 Rxe8 38. Rxd5 Qa3 39. Qh6 Rxe5 40. Rxe5 Qd6 41. Bc4+ 1-0

[Event "Douglas IoM op"]
[Site "Douglas"]
[Date "2018.10.26"]
[Round "7"]
[White "Stanetzek, Carsten"]
[Black "Dushyant, Sharma"]
[Result "1-0"]
[WhiteElo "2192"]
[BlackElo "2289"]
[PlyCount "141"]
[EventDate "2018.10.20"]
[EventType "swiss"]
[EventRounds "9"]
[EventCountry "ENG"]
[SourceTitle "CBM 187"]
[Source "ChessBase"]
[SourceDate "2018.12.11"]
[SourceVersion "1"]
[SourceVersionDate "2018.12.11"]
[SourceQuality "1"]

1. e4 e5 2. Nf3 Nc6 3. Bc4 Bc5 4. 0-0 Nf6 5. d3 0-0 6. Nbd2 d5 7. exd5 Nxd5 8. Re1 Bg4 9. h3 Bh5 10. Ne4 Bb6 11. c3 Re8 12. Bg5 Qd7 13. a4 a6 14. Ng3 Bg6 15. Nh4 Nf4 16. Nxg6 hxg6 17. Qf3 Ne6 18. Bc1 Nf8 19. b4 Nh7 20. Ne4 Qf5 21. Qg3 a5 22. b5 Nd8 23. Be3 Bxe3 24. fxe3 Ne6 25. b6 Qh5 26. bxc7 Nxc7 27. Rab1 Rab8 28. Nd6 Re7 29. Nxb7 Ra8 30. Nd6 Rf8 31. Rb7 Nf6 32. Rf1 Rd7 33. Nb5 Nxb5 34. Rxb5 Re8 35. Rxa5 Rc7 36. Rb5 Qe2 37. Rxe5 Rec8 38. Qf2 Qxf2+ 39. Rxf2 Ra8 40. a5 Rca7 41. a6 Rb8 42. e4 Rb1+ 43. Rf1 Rb6 44. Rb5 Raxa6 45. Rxb6 Rxb6 46. e5 Nd7 47. Bxf7+ Kf8 48. Be6+ Ke7 49. Bxd7 Kxd7 50. d4 Ke6 51. Kf2 Rb3 52. Rc1 Rb2+ 53. Kf3 Kd5 54. g3 Rd2 55. h4 Ke6 56. Kf4 Rf2+ 57. Kg5 Rg2 58. g4 Rg3 59. Ra1 Rxc3 60. Kxg6 Rc4 61. Ra6+ Ke7 62. Rd6 Rc3 63. g5 Rh3 64. h5 Rh4 65. d5 Rh1 66. Ra6 Re1 67. Ra7+ Ke8 68. e6 Rd1 69. Rd7 Rg1 70. Rxg7 Re1 71. h6 1-0

[Event "Douglas IoM op"]
[Site "Douglas"]
[Date "2018.10.21"]
[Round "2"]
[White "Stanetzek, Carsten"]
[Black "Lubbe, Melanie"]
[Result "0-1"]
[WhiteElo "2192"]
[BlackElo "2359"]
[PlyCount "44"]
[EventDate "2018.10.20"]
[EventType "swiss"]
[EventRounds "9"]
[EventCountry "ENG"]
[SourceTitle "CBM 187"]
[Source "ChessBase"]
[SourceDate "2018.12.11"]
[SourceVersion "1"]
[SourceVersionDate "2018.12.11"]
[SourceQuality "1"]

1. e4 c5 2. Nf3 e6 3. Nc3 a6 4. d4 cxd4 5. Nxd4 b5 6. Bd3 Qb6 7. Nb3 Qc7 8. 0-0 Bb7 9. Re1 Nf6 10. e5 b4 11. Nb1 Nd5 12. c4 bxc3 13. Nxc3 Nxc3 14. bxc3 Nc6 15. Bf4 Ne7 16. Bg3 Ng6 17. h4 Ne7 18. Nd2 Nd5 19. Nc4 Nxc3 20. Qg4 Nd5 21. Rac1 h5 22. Nd6+ Qxd6 0-1

[Event "NRW Class1 1718"]
[Site "Germany"]
[Date "2017.11.19"]
[Round "3.3"]
[White "Stanetzek, Carsten"]
[Black "Kruse, Herbert"]
[Result "1/2-1/2"]
[WhiteElo "2125"]
[BlackElo "2175"]
[PlyCount "138"]
[EventDate "2017.09.17"]
[EventType "team-tourn"]
[EventRounds "9"]
[EventCountry "GER"]
[SourceTitle "EXT 2019"]
[Source "ChessBase"]
[SourceDate "2018.10.10"]
[SourceVersion "1"]
[SourceVersionDate "2018.10.10"]
[SourceQuality "1"]
[WhiteTeam "Niederkassel"]
[BlackTeam "Bielefeld"]
[WhiteTeamCountry "GER"]
[BlackTeamCountry "GER"]

1. e4 c5 2. Nf3 d6 3. Bb5+ Nd7 4. 0-0 a6 5. Bd3 e5 6. c4 g5 7. Nc3 Ne7 8. Bc2 Ng6 9. Ba4 Be7 10. d3 Rg8 11. Ne1 Kf8 12. g3 Nb6 13. Qh5 Rg7 14. Bd1 f5 15. f4 exf4 16. gxf4 Nxf4 17. Bxf4 gxf4+ 18. Kh1 Kg8 19. Ng2 Rg5 20. Qf3 Bf6 21. Nxf4 Bxc3 22. bxc3 fxe4 23. Qxe4 Bf5 24. Qxb7 Rb8 25. Qc6 Rc8 26. Qb7 Rb8 27. Qf3 Bg4 28. Qe3 Qd7 29. Bxg4 Rxg4 30. Qe6+ Qxe6 31. Nxe6 Na4 32. Rf6 Rg6 33. Rxg6+ hxg6 34. Nf4 Kh7 35. Re1 Nxc3 36. Re7+ Kh6 37. Re6 Kg5 38. Nxg6 Rb6 39. Ne7 Rb1+ 40. Kg2 Rb2+ 41. Kf3 Rxh2 42. Rg6+ Kh5 43. Rxd6 Rxa2 44. Nd5 Nxd5 45. Rxd5+ Kg6 46. Rxc5 Kf6 47. Ke4 Ke6 48. Rc6+ Kd7 49. Rh6 a5 50. Kd5 a4 51. Rh7+ Kc8 52. d4 a3 53. Kc6 Kb8 54. Rh8+ Ka7 55. Rh3 Ka6 56. c5 Ka5 57. d5 Kb4 58. d6 Rc2 59. Rh4+ Rc4 60. Rxc4+ Kxc4 61. d7 a2 62. d8Q a1Q 63. Qd5+ Kb4 64. Qd2+ Ka4 65. Qc2+ Ka5 66. Qd2+ Ka4 67. Kc7 Kb5 68. Qd6 Qa7+ 69. Kc8 Qxc5+ 1/2-1/2

[Event "Hoogeveen op 21st"]
[Site "Hoogeveen"]
[Date "2017.10.27"]
[Round "8"]
[White "Stanetzek, Carsten"]
[Black "Kotyk, Michael"]
[Result "1-0"]
[WhiteElo "2211"]
[BlackElo "1921"]
[PlyCount "79"]
[EventDate "2017.10.21"]
[EventType "swiss"]
[EventRounds "9"]
[EventCountry "NED"]
[SourceTitle "CBM 181 Extra"]
[Source "ChessBase"]
[SourceDate "2017.12.12"]
[SourceVersion "1"]
[SourceVersionDate "2017.12.12"]
[SourceQuality "1"]

1. e4 e5 2. Nf3 Nc6 3. Bb5 a6 4. Bxc6 dxc6 5. 0-0 Bg4 6. h3 h5 7. d3 Qf6 8. Be3 Bxf3 9. Qxf3 Qxf3 10. gxf3 Bd6 11. Nd2 f6 12. Rfb1 g5 13. Kf1 Ne7 14. Nc4 b5 15. Na5 Kd7 16. Ke2 c5 17. c3 Rac8 18. a4 c6 19. Nb3 Ng6 20. axb5 axb5 21. Ra7+ Rc7 22. Rba1 Rhc8 23. R7a6 Rb8 24. Nxc5+ Bxc5 25. Bxc5 Nf4+ 26. Ke3 Nxh3 27. Rd1 Nf4 28. d4 Ke6 29. d5+ Kd7 30. dxc6+ Ke8 31. Rd6 h4 32. Rxf6 Rf7 33. Rh6 Rf8 34. c7 Rc8 35. Bxf8 Rxc7 36. Ra8+ Kf7 37. Rh7+ Kg6 38. Rxc7 h3 39. Ra6+ Kh5 40. Rh6# 1-0

[Event "Hoogeveen op 21st"]
[Site "Hoogeveen"]
[Date "2017.10.22"]
[Round "2"]
[White "Stanetzek, Carsten"]
[Black "Carlstedt, Jonathan"]
[Result "1-0"]
[WhiteElo "2211"]
[BlackElo "2413"]
[PlyCount "51"]
[EventDate "2017.10.21"]
[EventType "swiss"]
[EventRounds "9"]
[EventCountry "NED"]
[SourceTitle "CBM 181 Extra"]
[Source "ChessBase"]
[SourceDate "2017.12.12"]
[SourceVersion "1"]
[SourceVersionDate "2017.12.12"]
[SourceQuality "1"]

1. e4 d6 2. d4 Nf6 3. Nc3 e5 4. Nf3 Nbd7 5. Bc4 Be7 6. 0-0 c6 7. a4 Qc7 8. Qe2 h6 9. Rd1 Nf8 10. a5 Bg4 11. h3 Bh5 12. g4 Bg6 13. d5 N8d7 14. a6 b5 15. dxc6 bxc4 16. cxd7+ Qxd7 17. Nxe5 Qe6 18. Nxg6 fxg6 19. Nb5 Qd7 20. Nxd6+ Bxd6 21. e5 0-0 22. Qxc4+ Kh7 23. Rxd6 Qe7 24. Qe6 Qc7 25. exf6 Rxf6 26. Rd7 1-0

[Event "GER-chT Betriebe 16th"]
[Site "Dresden"]
[Date "2016.11.06"]
[Round "7.2"]
[White "Stanetzek, Carsten"]
[Black "Du Maire, Jerome"]
[Result "1/2-1/2"]
[WhiteElo "2233"]
[BlackElo "2170"]
[PlyCount "60"]
[EventDate "2016.11.03"]
[EventType "team-swiss"]
[EventRounds "7"]
[EventCountry "GER"]
[SourceTitle "EXT 2020"]
[Source "ChessBase"]
[SourceDate "2019.10.17"]
[SourceVersion "1"]
[SourceVersionDate "2019.10.17"]
[SourceQuality "1"]
[WhiteTeam "Bonn Deutsche Post"]
[BlackTeam "Frankfurt Commerzbank"]
[WhiteTeamCountry "GER"]
[BlackTeamCountry "GER"]

1. e4 e6 2. d4 d5 3. exd5 exd5 4. Nf3 Nc6 5. Bd3 Bd6 6. 0-0 Nge7 7. c3 Bg4 8. Nbd2 Qd7 9. Re1 0-0-0 10. b4 Ng6 11. b5 Nce7 12. Qa4 Kb8 13. Ne5 Bxe5 14. dxe5 d4 15. c4 Nf4 16. Be4 Ne2+ 17. Kf1 Nc3 18. Qb3 Ng6 19. h3 Bf5 20. Bc6 Qc8 21. Bf3 Rhe8 22. Bb2 Nxe5 23. Bxc3 dxc3 24. Qxc3 Rd3 25. Qc2 Nxf3 26. Nxf3 f6 27. Nd4 Bg6 28. Rxe8 Qxe8 29. Nc6+ Ka8 30. Nb4 Rd7 1/2-1/2

[Event "NRW Class2 1617"]
[Site "Germany"]
[Date "2016.09.25"]
[Round "1.4"]
[White "Stanetzek, Carsten"]
[Black "Bentel, Robin"]
[Result "0-1"]
[WhiteElo "2169"]
[BlackElo "2036"]
[PlyCount "82"]
[EventDate "2016.09.25"]
[EventType "team-tourn"]
[EventRounds "9"]
[EventCountry "GER"]
[SourceTitle "EXT 2023"]
[Source "ChessBase"]
[SourceDate "2022.10.05"]
[SourceVersion "1"]
[SourceVersionDate "2022.10.05"]
[SourceQuality "1"]
[WhiteTeam "Niederkassel"]
[BlackTeam "Herford Koenigsspringer"]
[WhiteTeamCountry "GER"]
[BlackTeamCountry "GER"]

1. e4 c5 2. Nf3 e6 3. b3 Nc6 4. Bb2 Nf6 5. e5 Nd5 6. g3 Be7 7. Bg2 0-0 8. 0-0 d6 9. exd6 Qxd6 10. Na3 a6 11. d4 Rd8 12. c3 Qc7 13. Qe2 cxd4 14. cxd4 b5 15. Rac1 Qb6 16. Nc2 Bb7 17. Rfd1 Rac8 18. Ne3 Rc7 19. Ng4 Rdc8 20. Ne1 Ncb4 21. Rxc7 Rxc7 22. a3 Na2 23. Qd2 b4 24. a4 Nac3 25. Ra1 a5 26. Nc2 Ba6 27. Re1 Qb8 28. Nce3 Nxe3 29. Nxe3 Qd8 30. h4 Bf6 31. d5 Rd7 32. Ng4 Nxd5 33. Bxf6 Nxf6 34. Nxf6+ gxf6 35. Qf4 Rd4 36. Re4 Rd1+ 37. Kh2 Bb7 38. Rc4 Bxg2 39. Kxg2 Qd5+ 40. Kh3 Rh1+ 41. Kg4 h5# 0-1

[Event "NRW Class2 1516"]
[Site "Germany"]
[Date "2016.02.14"]
[Round "6.5"]
[White "Stanetzek, Carsten"]
[Black "Kitte, Sebastian"]
[Result "1/2-1/2"]
[WhiteElo "2164"]
[BlackElo "2190"]
[PlyCount "46"]
[EventDate "2015.09.27"]
[EventType "team-tourn"]
[EventRounds "9"]
[EventCountry "GER"]
[SourceTitle "EXT 2017"]
[Source "ChessBase"]
[SourceDate "2016.10.25"]
[SourceVersion "1"]
[SourceVersionDate "2016.10.25"]
[SourceQuality "1"]
[WhiteTeam "Niederkassel"]
[BlackTeam "Bochum II"]
[WhiteTeamCountry "GER"]
[BlackTeamCountry "GER"]

1. e4 c5 2. Nf3 e6 3. Nc3 a6 4. g3 b5 5. Bg2 Bb7 6. d3 Nf6 7. 0-0 Be7 8. Ng5 h6 9. Nh3 d5 10. exd5 Nxd5 11. Nxd5 Bxd5 12. Nf4 Bxg2 13. Nxg2 Nc6 14. a4 0-0 15. Be3 Qd6 16. Qh5 Nd4 17. Bxd4 Qxd4 18. Qe2 Qxb2 19. Rab1 Qc3 20. axb5 axb5 21. Rxb5 Ra2 22. Ne3 Bg5 23. Rc1 Bxe3 1/2-1/2

[Event "GER-chT Betriebe 14th"]
[Site "Dresden"]
[Date "2014.11.22"]
[Round "6.2"]
[White "Hoffmann, Hendrik"]
[Black "Stanetzek, Carsten"]
[Result "1/2-1/2"]
[WhiteElo "2193"]
[BlackElo "2233"]
[PlyCount "29"]
[EventDate "2014.11.20"]
[EventType "team-swiss"]
[EventRounds "7"]
[EventCountry "GER"]
[SourceTitle "EXT 2020"]
[Source "ChessBase"]
[SourceDate "2019.10.17"]
[SourceVersion "1"]
[SourceVersionDate "2019.10.17"]
[SourceQuality "1"]
[WhiteTeam "Leipzig Publishing Services"]
[BlackTeam "Bonn Deutsche Post"]
[WhiteTeamCountry "GER"]
[BlackTeamCountry "GER"]

1. e4 e5 2. Nf3 Nc6 3. Nc3 Nf6 4. d4 exd4 5. Nxd4 Bb4 6. Nxc6 bxc6 7. Bd3 d5 8. exd5 cxd5 9. 0-0 0-0 10. Bg5 c6 11. Qf3 h6 12. Bxf6 Qxf6 13. Qxf6 gxf6 14. Ne2 Bd6 15. Nd4 1/2-1/2

[Event "GER-chT Betriebe 14th"]
[Site "Dresden"]
[Date "2014.11.20"]
[Round "2.2"]
[White "Scholvin, Erich"]
[Black "Stanetzek, Carsten"]
[Result "0-1"]
[WhiteElo "2105"]
[BlackElo "2233"]
[PlyCount "106"]
[EventDate "2014.11.20"]
[EventType "team-swiss"]
[EventRounds "7"]
[EventCountry "GER"]
[SourceTitle "EXT 2020"]
[Source "ChessBase"]
[SourceDate "2019.10.17"]
[SourceVersion "1"]
[SourceVersionDate "2019.10.17"]
[SourceQuality "1"]
[WhiteTeam "Hamburg Rapid Unilever"]
[BlackTeam "Bonn Deutsche Post"]
[WhiteTeamCountry "GER"]
[BlackTeamCountry "GER"]

1. d4 d5 2. Nf3 Nf6 3. e3 Bf5 4. c4 c6 5. cxd5 cxd5 6. Nc3 e6 7. Ne5 Nfd7 8. g4 Bg6 9. Nxg6 hxg6 10. Bg2 Nc6 11. 0-0 Rc8 12. e4 dxe4 13. Nxe4 Nb6 14. Be3 Nd5 15. Rc1 Bd6 16. Nxd6+ Qxd6 17. h3 0-0 18. a3 Rfd8 19. Qf3 Na5 20. Bg5 Re8 21. Bh4 Qb6 22. b4 Nc4 23. Rfd1 Qa6 24. Ra1 b5 25. Qb3 Qb6 26. a4 a6 27. Bf1 Rc6 28. Bg3 Rec8 29. h4 Qb7 30. axb5 axb5 31. Ra2 Ra6 32. Rxa6 Qxa6 33. Rc1 Ndb6 34. h5 gxh5 35. gxh5 Ra8 36. Bg2 Qa3 37. Qd1 Rd8 38. d5 Nxd5 39. h6 gxh6 40. Qg4+ Kf8 41. Re1 Qxb4 42. Rxe6 fxe6 43. Qxe6 Qe7 44. Qxh6+ Qg7 45. Qc6 Nc3 46. Qf3+ Kg8 47. Bh3 Re8 48. Qc6 Rf8 49. Be6+ Kh8 50. Qh1+ Qh7 51. Qc6 Ne2+ 52. Kg2 Nxg3 53. fxg3 Ne3+ 0-1

[Event "NRW Class1 1314"]
[Site "Germany"]
[Date "2014.04.27"]
[Round "9.1"]
[White "Stanetzek, Carsten"]
[Black "Odendahl, Reiner"]
[Result "1/2-1/2"]
[WhiteElo "2232"]
[BlackElo "2252"]
[PlyCount "26"]
[EventDate "2013.09.15"]
[EventType "team-tourn"]
[EventRounds "9"]
[EventCountry "GER"]
[SourceTitle "EXT 2015"]
[Source "ChessBase"]
[SourceDate "2014.11.20"]
[SourceVersion "1"]
[SourceVersionDate "2014.11.20"]
[SourceQuality "1"]
[WhiteTeam "Niederkassel"]
[BlackTeam "Elberfeld"]
[WhiteTeamCountry "GER"]
[BlackTeamCountry "GER"]

1. e4 c5 2. Nf3 g6 3. c3 Bg7 4. d4 cxd4 5. cxd4 d5 6. e5 Bg4 7. Bb5+ Nd7 8. 0-0 e6 9. Nbd2 Ne7 10. h3 Bxf3 11. Nxf3 a6 12. Bxd7+ Qxd7 13. Qb3 0-0 1/2-1/2

[Event "NRW Class1 1314"]
[Site "Germany"]
[Date "2013.10.06"]
[Round "2.1"]
[White "Stanetzek, Carsten"]
[Black "Malcher, Werner"]
[Result "0-1"]
[WhiteElo "2232"]
[BlackElo "2322"]
[PlyCount "94"]
[EventDate "2013.09.15"]
[EventType "team-tourn"]
[EventRounds "9"]
[EventCountry "GER"]
[SourceTitle "EXT 2015"]
[Source "ChessBase"]
[SourceDate "2014.11.20"]
[SourceVersion "1"]
[SourceVersionDate "2014.11.20"]
[SourceQuality "1"]
[WhiteTeam "Niederkassel"]
[BlackTeam "Bielefeld"]
[WhiteTeamCountry "GER"]
[BlackTeamCountry "GER"]

1. e4 c5 2. Nf3 d6 3. Bb5+ Nd7 4. 0-0 a6 5. Bxd7+ Bxd7 6. d4 cxd4 7. Qxd4 e5 8. Qd3 Be7 9. Nc3 Rc8 10. Rd1 Be6 11. Nd5 Bxd5 12. Qxd5 Rc6 13. c4 Nf6 14. Qd3 0-0 15. b3 Qc7 16. Bg5 Nh5 17. Be3 Qc8 18. h3 Re8 19. a4 Bd8 20. a5 h6 21. Ra2 Qe6 22. Kh1 Kh7 23. Ng1 Bg5 24. Ne2 Qg6 25. Nc3 Bxe3 26. Qxe3 Nf4 27. Qf3 Ne6 28. Nd5 Ng5 29. Qg4 Qxe4 30. Qd7 Re6 31. Ne7 Nxh3 32. Qd8 Nxf2+ 33. Kg1 Rxe7 34. Rxf2 Rcc7 35. Qxd6 Qg4 36. Rd5 Rcd7 37. Qc5 Rxd5 38. cxd5 Rd7 39. Rd2 Qf4 40. Qc8 Rd6 41. Qc5 e4 42. Rf2 Qe5 43. Rxf7 Rxd5 44. Qc2 Rxa5 45. Rxb7 Qd4+ 46. Kh2 Rh5+ 47. Kg3 Qe3+ 0-1

[Event "Pardubice Czech op-A 24th"]
[Site "Pardubice"]
[Date "2013.07.25"]
[Round "7"]
[White "Stanetzek, Carsten"]
[Black "Grigorian, Spartak"]
[Result "0-1"]
[WhiteElo "2274"]
[BlackElo "2131"]
[PlyCount "147"]
[EventDate "2013.07.19"]
[EventType "swiss"]
[EventRounds "9"]
[EventCountry "CZE"]
[SourceTitle "CBM 155 Extra"]
[Source "ChessBase"]
[SourceDate "2013.08.26"]
[SourceVersion "1"]
[SourceVersionDate "2013.08.26"]
[SourceQuality "1"]

1. e4 c5 2. Nf3 d6 3. Bb5+ Bd7 4. Bxd7+ Qxd7 5. d4 cxd4 6. Qxd4 Nc6 7. Qd3 g6 8. 0-0 Bg7 9. Rd1 Rc8 10. Qe2 Qc7 11. c3 Nf6 12. Na3 0-0 13. Bf4 Nh5 14. Be3 Nf6 15. Bf4 Nh5 16. Bg5 h6 17. Bh4 Ne5 18. Nxe5 Bxe5 19. Nb5 Nf4 20. Qf1 Qd7 21. f3 a6 22. Nd4 g5 23. Bf2 e6 24. a4 Qe7 25. Kh1 Qf6 26. Be3 h5 27. g3 Ng6 28. Ne2 Rc4 29. Qg2 Qe7 30. f4 Bf6 31. a5 g4 32. Rd3 Qc7 33. Nd4 Re8 34. Rd2 Bg7 35. Bg1 Rc5 36. Nb3 Rc6 37. Bb6 Qe7 38. Nd4 Bxd4 39. cxd4 Rec8 40. Qe2 Nf8 41. h3 Rc1+ 42. Rxc1 Rxc1+ 43. Kh2 Ng6 44. Rd1 Rxd1 45. Qxd1 f5 46. Qe2 h4 47. exf5 hxg3+ 48. Kg1 exf5 49. Qxe7 Nxe7 50. hxg4 fxg4 51. Kg2 Nf5 52. d5 Kf7 53. Bd8 Kg6 54. Bb6 Ne7 55. Bc7 Nxd5 56. Bxd6 Kf5 57. Kxg3 Nf6 58. Kh4 Nd5 59. Kg3 Ne3 60. Be5 Nc2 61. Bc3 Na1 62. Be5 Nb3 63. Bc3 Nc1 64. Be5 Ne2+ 65. Kf2 Nxf4 66. Bg7 Ke4 67. Bh8 Nh5 68. Bc3 g3+ 69. Kg2 Kf4 70. Bh8 Kg4 71. Be5 Nf4+ 72. Kg1 Kf3 73. Bxf4 Kxf4 74. Kg2 0-1

[Event "NRW Class2 1213"]
[Site "Germany"]
[Date "2013.04.28"]
[Round "9.1"]
[White "Stanetzek, Carsten"]
[Black "Graw, Christopher"]
[Result "1-0"]
[WhiteElo "2196"]
[BlackElo "2177"]
[PlyCount "85"]
[EventDate "2012.09.16"]
[EventType "team-tourn"]
[EventRounds "9"]
[EventCountry "GER"]
[SourceTitle "EXT 2017"]
[Source "ChessBase"]
[SourceDate "2016.10.25"]
[SourceVersion "1"]
[SourceVersionDate "2016.10.25"]
[SourceQuality "1"]
[WhiteTeam "Niederkassel"]
[BlackTeam "Herne Sodingen"]
[WhiteTeamCountry "GER"]
[BlackTeamCountry "GER"]

1. e4 c5 2. Nf3 d6 3. Bb5+ Nd7 4. d4 a6 5. Bxd7+ Bxd7 6. dxc5 dxc5 7. Nc3 Bc6 8. Ne5 Qxd1+ 9. Kxd1 0-0-0+ 10. Ke2 Be8 11. a4 e6 12. Nc4 f6 13. Bf4 e5 14. Be3 Bf7 15. Nb6+ Kc7 16. a5 Bd6 17. Nca4 Kc6 18. c4 Ne7 19. Nd5 Rhe8 20. Ra3 Nc8 21. f3 Bf8 22. Rc1 f5 23. exf5 e4 24. g4 Nd6 25. Nxc5 Nxc4 26. Rxc4 exf3+ 27. Kf1 Bxd5 28. Rc1 Kb5 29. b4 Kxb4 30. Ra4+ Kb5 31. Rb1+ Kc6 32. Rb6+ Kc7 33. Bf4+ Bd6 34. Nxb7 Bxb7 35. Rc4+ Kb8 36. Bxd6+ Ka8 37. Rc7 h5 38. Rcxb7 Rxd6 39. Rxg7 Rxb6 40. axb6 hxg4 41. f6 Rf8 42. Ra7+ Kb8 43. f7 1-0

[Event "NRW Class2 1213"]
[Site "Germany"]
[Date "2013.01.20"]
[Round "5.2"]
[White "Savchenko, Viacheslav"]
[Black "Stanetzek, Carsten"]
[Result "1-0"]
[WhiteElo "2336"]
[BlackElo "2196"]
[PlyCount "73"]
[EventDate "2012.09.16"]
[EventType "team-tourn"]
[EventRounds "9"]
[EventCountry "GER"]
[SourceTitle "EXT 2017"]
[Source "ChessBase"]
[SourceDate "2016.10.25"]
[SourceVersion "1"]
[SourceVersionDate "2016.10.25"]
[SourceQuality "1"]
[WhiteTeam "Gerresheim"]
[BlackTeam "Niederkassel"]
[WhiteTeamCountry "GER"]
[BlackTeamCountry "GER"]

1. e4 e5 2. Nf3 Nc6 3. Bb5 Nf6 4. d4 exd4 5. 0-0 Be7 6. e5 Ne4 7. Re1 Nc5 8. Nxd4 0-0 9. Nf5 d6 10. Nxe7+ Nxe7 11. exd6 cxd6 12. Bg5 Ne6 13. Bh4 Qc7 14. Nc3 Nf5 15. Qg4 Nxh4 16. Qxh4 Qd8 17. Qg3 d5 18. Rad1 d4 19. Ne4 Kh8 20. Bc4 h6 21. b3 Qa5 22. a4 a6 23. Nd6 Qc5 24. Qe5 Qxe5 25. Rxe5 Rb8 26. h4 Nd8 27. Re4 Nc6 28. Nxf7+ Kh7 29. Nd6 Bd7 30. Rde1 Rf6 31. Bd3 Nb4 32. Rxd4+ Nxd3 33. Rxd3 Bc6 34. Re7 Rbf8 35. Rg3 Rg6 36. Rxg6 Kxg6 37. Nxb7 1-0

[Event "NRW Class2 1213"]
[Site "Germany"]
[Date "2012.10.21"]
[Round "2.2"]
[White "Stanetzek, Carsten"]
[Black "Kaufeld, Juergen"]
[Result "1-0"]
[WhiteElo "2196"]
[BlackElo "2258"]
[PlyCount "135"]
[EventDate "2012.09.16"]
[EventType "team-tourn"]
[EventRounds "9"]
[EventCountry "GER"]
[SourceTitle "EXT 2017"]
[Source "ChessBase"]
[SourceDate "2016.10.25"]
[SourceVersion "1"]
[SourceVersionDate "2016.10.25"]
[SourceQuality "1"]
[WhiteTeam "Niederkassel"]
[BlackTeam "Oberhausen"]
[WhiteTeamCountry "GER"]
[BlackTeamCountry "GER"]

1. e4 c5 2. Nf3 d6 3. Nc3 Nf6 4. Bc4 Nc6 5. d3 Bg4 6. h3 Bh5 7. g4 Bg6 8. Bf4 e6 9. e5 dxe5 10. Nxe5 Nxe5 11. Bxe5 a6 12. Qf3 Bd6 13. Bxd6 Qxd6 14. Qxb7 Qe5+ 15. Kf1 0-0 16. Qf3 h5 17. Re1 Qg5 18. Rg1 hxg4 19. hxg4 Rab8 20. Qe3 Qxe3 21. fxe3 Rxb2 22. Bb3 c4 23. Na4 Rxb3 24. axb3 cxd3 25. g5 d2 26. gxf6 dxe1Q+ 27. Kxe1 gxf6 28. c4 a5 29. Ke2 Rb8 30. Nc5 Rc8 31. Nd7 Kg7 32. Ra1 Rc7 33. Nb6 Rc6 34. Nd7 Rc7 35. Nb6 Rc6 36. Nd7 Bh5+ 37. Kf2 Rc7 38. Rxa5 Bd1 39. Nc5 Bxb3 40. Nxb3 Rxc4 41. Nd4 f5 42. Ne2 Kf6 43. Ra6 Kg5 44. Ra5 Kf6 45. Kf3 Rb4 46. Nf4 Rb1 47. Nd3 Rf1+ 48. Kg3 Rg1+ 49. Kf2 Rb1 50. Ne5 Rb4 51. Kf3 Rh4 52. Nd7+ Kg5 53. Ra8 Rh3+ 54. Kf2 f4 55. Ra5+ f5 56. e4 f3 57. e5 f4 58. Ra1 Kg4 59. Nf6+ Kf5 60. Re1 Rg3 61. Ne4 Rh3 62. Nd6+ Kg4 63. Rg1+ Kh4 64. Rg6 Kh5 65. Rxe6 Kg5 66. Re8 Rh7 67. Rg8+ Kh4 68. Kxf3 1-0